[Event "Druzynowe Mistrzostwa Polski Juniorow - II Liga"]
[Site "Iwonicz"]
[Date "2016-07-31"]
[Round "8.55"]
[White "Zylinski, Piotr"]
[Black "Zarnowski, Krzysztof"]
[Result "0-1"]
[WhiteTitle "I"]
[BlackTitle "I++"]
[WhiteElo "1577"]
[BlackElo "2034"]

1. d4 Nf6 2. Nf3 c5 3. e3 e6 4. Bd3 d5 5. b3 Nc6 6. O-O Bd6 7. Bb2 Qe7 8. Ne5 O-O
9. f4 cxd4 10. exd4 Nb4 11. Be2 Ne4 12. a3 Nc6 13. Nd2 f6 14. Nd3 b6 15. Bf3 f5
16. Ne5 Bb7 17. Be2 g5 18. fxg5 Nxe5 19. Nxe4 dxe4 20. dxe5 Bc5+ 21. Kh1 Qxg5
22. Qd7 Bd5 23. b4 Rf7 24. Qa4 Rg7 25. g3 Be3 26. c4 f4 27. Rxf4 Bxf4 28. cxd5
exd5 29. Qc6 Rd8 30. Qe6+ Kh8 31. Qf6 Be3 32. Rf1 d4 33. Bc4 h6 34. e6 Qxf6 35.
Rxf6 Rc7 36. Bb3 Kg7 37. Rf5 Bg5 38. h4 Bf6 39. Kg2 e3 40. Kf3 Rd6 41. a4 Re7
42. g4 Bxh4 43. b5 Bf6 44. Ba3 Rdxe6 45. Bxe7 Rxe7 46. Bc4 Rc7 47. Bd3 Rc3 48.
Ke4 e2 49. Bxe2 Re3+ 50. Kd5 Rxe2 51. Kxd4 0-1

[Event "Druzynowe Mistrzostwa Polski Juniorow - II Liga"]
[Site "Iwonicz"]
[Date "2016-07-31"]
[Round "8.56"]
[White "Kozubal, Aleksandra"]
[Black "Radecki, Adam"]
[Result "1-0"]
[WhiteTitle "I++"]
[BlackTitle "I"]
[WhiteElo "1687"]
[BlackElo "1595"]

1. d4 Nf6 2. c4 c5 3. d5 b5 4. cxb5 a6 5. b6 d6 6. Nc3 Qxb6 7. e4 g6 8. Nf3 Nbd7
9. Be2 Bg7 10. O-O O-O 11. Nd2 Qc7 12. Nc4 Nb6 13. Rb1 Nfd7 14. Be3 Nxc4 15. Bxc4
Nb6 16. Qe2 Nxc4 17. Qxc4 Bd7 18. Rfc1 Rfc8 19. Bg5 Rcb8 20. Qd3 Bb5 21. Qg3 h6
22. Bf4 Bd7 23. h4 Be5 24. Bxe5 dxe5 25. Nd1 Bb5 26. b3 a5 27. Qe3 Rc8 28. Nc3
Ba6 29. Na4 h5 30. Rxc5 Qd8 31. Rbc1 Rxc5 32. Rxc5 Rc8 33. Qc3 Rxc5 34. Qxc5 Qc8
35. Qxc8+ Bxc8 36. Nb6 Ba6 37. f3 Kf8 38. Nd7+ Ke8 39. Nxe5 Bb5 40. Kf2 Kf8 41.
Ke3 Kg7 42. Nc4 a4 43. Kd4 axb3 44. axb3 f6 45. Kc5 Bd7 46. b4 Kf7 47. e5 Bf5
48. b5 Ke8 49. exf6 exf6 50. Nd6+ 1-0

[Event "Druzynowe Mistrzostwa Polski Juniorow - II Liga"]
[Site "Iwonicz"]
[Date "2016-07-31"]
[Round "8.57"]
[White "Panek, Bartosz"]
[Black "Bober, Tomasz"]
[Result "1/2-1/2"]
[WhiteTitle "II+"]
[BlackTitle "II"]
[WhiteElo "1679"]
[BlackElo "1210"]

1. e4 c5 2. a3 Nc6 3. b4 cxb4 4. axb4 e5 5. b5 Nce7 6. Bb2 Qc7 7. c3 Nf6 8. f3
Ng6 9. Ba3 Bxa3 10. Rxa3 O-O 11. d4 d5 12. Bd3 Be6 13. Ne2 Nd7 14. O-O Nb6 15.
exd5 Nxd5 16. Qd2 Ndf4 17. Nxf4 Nxf4 18. Be4 f5 19. Bc2 Bc4 20. Re1 exd4 21. cxd4
Bxb5 22. Re5 Ne2+ 23. Rxe2 Bxe2 24. Qxe2 Qf4 25. Qe3 Qxe3+ 26. Rxe3 Rac8 27. Bb3+
Kh8 28. Rc3 g6 29. d5 Kg7 30. Kf2 Kf6 31. Re3 Rfe8 32. Rd3 b5 33. Nc3 a6 34. g4
Ke5 35. Re3+ Kd4 36. Ne2+ Kc5 37. Re6 1/2-1/2

[Event "Druzynowe Mistrzostwa Polski Juniorow - II Liga"]
[Site "Iwonicz"]
[Date "2016-07-31"]
[Round "8.58"]
[White "Tomkiewicz, Szymon"]
[Black "Piechota, Kamil"]
[Result "0-1"]
[WhiteTitle "II"]
[BlackTitle "II"]
[WhiteElo "1268"]
[BlackElo "1337"]

1. e4 e5 2. Nf3 Nc6 3. d3 Nf6 4. Be2 Be7 5. Nc3 O-O 6. O-O d5 7. exd5 Nxd5 8. Bd2
f6 9. b3 Be6 10. Nxd5 Qxd5 11. c4 Qd7 12. Qc2 Rad8 13. Rad1 Bc5 14. Be3 Bxe3 15.
fxe3 Bf5 16. Qc3 Qe7 17. e4 Be6 18. Nh4 Nd4 19. Rd2 Qc5 20. Kh1 Qd6 21. Rfd1 Nxe2
22. Rxe2 Bg4 23. Nf3 f5 24. Rdd2 fxe4 25. dxe4 Qe7 26. h3 Bxf3 27. gxf3 Rxd2 28.
Rxd2 Qh4 29. Rh2 Qg3 30. Qd3 Qxf3+ 31. Qxf3 Rxf3 32. Rd2 Rxh3+ 33. Kg2 Rh6 34.
Rd8+ Kf7 35. Rd7+ Kf8 36. Rxc7 Rb6 37. Rc5 Re6 38. Rc8+ Kf7 39. Rd8 Ke7 40. Rc8
Rc6 41. Rg8 Kf7 42. Rd8 Re6 43. Rd7+ Re7 44. Rd3 Ke6 45. Kg3 Rd7 46. Rc3 Rd4 47.
Kf3 Rd7 48. Ke3 g5 49. Rc2 h5 50. Rg2 g4 51. Rh2 Rh7 52. Kf2 h4 53. Kg2 Kf6 54.
Rh1 h3+ 55. Kg3 Kg5 56. Rh2 Rf7 57. Re2 Rf3+ 58. Kh2 Kh4 59. Re1 g3+ 60. Kh1 h2
61. Re2 Kh3 62. Re1 g2# 0-1

[Event "Druzynowe Mistrzostwa Polski Juniorow - II Liga"]
[Site "Iwonicz"]
[Date "2016-07-31"]
[Round "8.59"]
[White "Robakowska, Paulina"]
[Black "Jurkiewicz, Zuzanna"]
[Result "1/2-1/2"]
[WhiteTitle "I"]
[BlackTitle "I+"]
[WhiteElo "1341"]
[BlackElo "1657"]

1. Nf3 d5 2. d4 Nf6 3. g3 Bf5 4. Bg2 e6 5. O-O Be7 6. c4 c6 7. Qb3 Qc8 8. a4 O-O
9. Bd2 Nbd7 10. cxd5 exd5 11. Nc3 Bd6 12. Rfc1 Rb8 13. Be1 Re8 14. e3 Ne4 15.
Nd2 Ndf6 16. Ndxe4 Nxe4 17. Qd1 Qd7 18. Nxe4 Bxe4 19. Bc3 Bxg2 20. Kxg2 Re4 21.
Qf3 Rbe8 22. Rh1 R8e6 23. Qf5 Qd8 24. Qf3 Rf6 25. Qh5 Qd7 26. h3 Rg6 27. Qf3 f5
28. Bd2 Qf7 29. Kf1 Rg5 30. b3 h5 31. h4 Rgg4 32. Rh2 Re6 33. Rg2 Reg6 34. Rc1
Be7 35. Rh2 Qe6 36. Re1 Qe4 37. Qxe4 fxe4 38. Ke2 Rf6 39. Rf1 Rf3 40. Rhh1 Rg6
41. Be1 b6 42. b4 c5 43. bxc5 bxc5 44. dxc5 Bxc5 45. Bc3 Rc6 46. Rc1 Ba3 47. Bb2
Rxc1 1/2-1/2

[Event "Druzynowe Mistrzostwa Polski Juniorow - II Liga"]
[Site "Iwonicz"]
[Date "2016-07-31"]
[Round "8.61"]
[White "Stochnialek, Dominika"]
[Black "Gajewski, Marcin"]
[Result "1/2-1/2"]
[WhiteTitle "I"]
[BlackTitle "II"]
[WhiteElo "1439"]
[BlackElo "1531"]

1. e4 c5 2. Nf3 d6 3. d4 cxd4 4. Nxd4 Nf6 5. Nc3 g6 6. Be3 Bg7 7. f3 Nc6 8. Qd2
O-O 9. O-O-O d5 10. Kb1 Nxd4 11. e5 Nxf3 12. gxf3 Nh5 13. f4 Bh8 14. Nxd5 Be6
15. Bc4 Ng7 16. Qe2 Bxd5 17. Bxd5 Qc7 18. h4 e6 19. Bb3 h5 20. Rdg1 Kh7 21. c3
Nf5 22. Bc1 Bg7 23. Bc2 Rab8 24. Rh3 Rfe8 25. Bxf5 exf5 26. Be3 b5 27. Bd4 Re6
28. Qf2 a5 29. Bc5 Bf8 30. Bxf8 Rxf8 31. Rhg3 Qe7 32. Rg5 Rb8 33. Qd4 Rd8 34.
Qe3 Rc6 35. Qf3 Re6 36. Qe3 Red6 37. Qf3 Re6 38. Qe3 b4 39. cxb4 Qxb4 40. Qg3
Qf8 41. Qc3 a4 42. a3 Rb6 43. Qe3 Rdb8 44. R1g2 Rb3 45. Qe2 R3b6 46. Ka1 Qc8 47.
Rxh5+ Kg7 48. Qd1 Qc5 49. Rhg5 Rxb2 50. R2g3 Qc4 51. Rxg6+ fxg6 52. Rxg6+ Kxg6
53. h5+ Kh6 54. Qd6+ Kxh5 55. Qd1+ Re2 56. Qh1+ Kg6 57. Qg1+ Kf7 58. e6+ Qxe6
59. Qg7+ Ke8 60. Qd7+ 1/2-1/2

[Event "Druzynowe Mistrzostwa Polski Juniorow - II Liga"]
[Site "Iwonicz"]
[Date "2016-07-31"]
[Round "8.62"]
[White "Kucharski, Daniel"]
[Black "Kus, Aleksander"]
[Result "0-1"]
[WhiteTitle "II"]
[BlackTitle "I"]
[WhiteElo "1328"]
[BlackElo "1818"]

1. Nf3 f5 2. g3 Nf6 3. Bg2 e6 4. O-O d5 5. d3 Be7 6. c4 O-O 7. Nc3 d4 8. Nb5 c5
9. Bf4 Nc6 10. Nc7 Rb8 11. Nb5 a6 12. Bxb8 axb5 13. Bf4 bxc4 14. dxc4 Nd7 15.
Bd2 e5 16. a3 e4 17. Ne1 Nce5 18. Qc2 h6 19. b4 b6 20. Qb3 Nf6 21. a4 Be6 22.
Rc1 Qe8 23. bxc5 bxc5 24. a5 Qf7 25. Bf4 Nxc4 26. a6 Nd7 27. Nd3 Ne3 28. Qa4 Nxg2
29. Kxg2 exd3 30. exd3 Nb6 31. Qb5 Na8 32. Rfe1 Bd5+ 33. Kg1 g5 34. Qd7 Re8 35.
Bd6 Nb6 36. Qc7 Nc8 37. Rxc5 Nxd6 38. Rxd5 Rc8 39. Qxe7 Qxd5 40. a7 f4 41. Qf6
Nf7 42. Qg6+ Kf8 43. Qf6 Qd6 44. Qf5 Ra8 45. Rc1 Rxa7 46. Rc8+ Kg7 47. Qe4 Qe5
48. Qf3 fxg3 49. hxg3 Qe1+ 50. Kg2 Ra1 51. Kh3 Qe6+ 0-1

[Event "Druzynowe Mistrzostwa Polski Juniorow - II Liga"]
[Site "Iwonicz"]
[Date "2016-07-31"]
[Round "8.63"]
[White "Poltorak, Sebastian"]
[Black "Strugacz, Michal"]
[Result "1-0"]
[WhiteTitle "I"]
[BlackTitle "III"]
[WhiteElo "1707"]
[BlackElo "1259"]

1. d4 d5 2. c4 e6 3. Nc3 Nf6 4. cxd5 exd5 5. Bg5 Be7 6. e3 Nbd7 7. Bd3 b6 8. Qc2
Bb7 9. Nge2 O-O 10. O-O c5 11. Rad1 c4 12. Bf5 h6 13. Bh4 Nh5 14. Bxe7 Qxe7 15.
Rfe1 Rfe8 16. Ng3 Nxg3 17. hxg3 g6 18. Bh3 Nf6 19. b3 cxb3 20. Qxb3 Ne4 21. Nxe4
dxe4 22. Rc1 Bc8 23. Rc6 Bxh3 24. gxh3 Qd7 25. Rxg6+ Kh7 26. Rg4 f5 27. Rh4 Rg8
28. Rb1 Qc7 29. Qe6 Rxg3+ 30. Kh1 Rg6 31. Qxf5 Qc2 32. Rg1 Rag8 33. Qf7+ R6g7
34. Rg6 Qd1+ 35. Kh2 h5 36. Rxg7+ Rxg7 37. Rxh5+ 1-0

[Event "Druzynowe Mistrzostwa Polski Juniorow - II Liga"]
[Site "Iwonicz"]
[Date "2016-07-31"]
[Round "8.64"]
[White "Binek, Dawid"]
[Black "Ullrich, Agata"]
[Result "1-0"]
[WhiteTitle "II"]
[BlackTitle "II"]
[WhiteElo "1288"]
[BlackElo "1196"]

1. c4 c5 2. Nc3 Nc6 3. Nf3 g6 4. e3 e5 5. d4 exd4 6. exd4 cxd4 7. Nxd4 a6 8. Be2
Bg7 9. Nxc6 bxc6 10. Ne4 d5 11. Nd2 Ne7 12. O-O Rb8 13. cxd5 Nxd5 14. Re1 O-O
15. Nc4 Bf5 16. Bg4 Bxg4 17. Qxg4 h5 18. Qe2 Re8 19. Be3 Nxe3 20. fxe3 Qd5 21.
Rad1 Qb5 22. b3 Bc3 23. Rf1 c5 24. Qf3 Rf8 25. Rd3 Bg7 26. Rfd1 Qb7 27. Qxb7 Rxb7
28. Rd6 Ra8 29. Rc6 Bf8 30. Kf2 Raa7 31. Rd8 Kg7 32. e4 Rc7 33. Rxc7 Rxc7 34.
Ra8 Rc6 35. Ke3 Be7 36. e5 Re6 37. Ke4 g5 38. Kd5 Kg6 39. Nd6 h4 40. h3 1-0

[Event "Druzynowe Mistrzostwa Polski Juniorow - II Liga"]
[Site "Iwonicz"]
[Date "2016-07-31"]
[Round "8.65"]
[White "Andrzejewska, Maja"]
[Black "Knapik, Julia"]
[Result "0-1"]
[WhiteTitle "II"]
[BlackTitle "I+"]
[WhiteElo "1298"]
[BlackElo "1627"]

1. e4 e5 2. Nf3 Nc6 3. d4 exd4 4. Nxd4 Bc5 5. Be3 Qf6 6. c3 Nge7 7. Be2 Bb6 8.
Qd2 a6 9. Nxc6 Bxe3 10. Qxe3 Nxc6 11. Nd2 d6 12. a4 O-O 13. O-O Re8 14. f4 Ne7
15. g4 g6 16. Kh1 Bd7 17. Bf3 Nd5 18. Qf2 Nxf4 19. Bg2 g5 20. h3 Qg6 21. Qd4 Bc6
22. Rae1 Re7 23. Rxf4 gxf4 24. Rf1 f3 25. Bxf3 Rae8 26. Kg1 Qg5 27. Qf2 Qc5 28.
Qd4 Bxa4 29. b3 Bb5 30. Rf2 Qxd4 31. cxd4 a5 32. g5 a4 33. bxa4 Bxa4 34. Nb1 c5
35. dxc5 dxc5 36. Nc3 Bc6 37. Nd5 Bxd5 38. exd5 Re3 39. Bg2 Re1+ 40. Bf1 Rd1 41.
Kh2 Re7 42. Bg2 b5 43. Rb2 b4 44. Bf3 Rd3 45. Kg2 b3 46. Kf2 Rc3 0-1

[Event "Druzynowe Mistrzostwa Polski Juniorow - II Liga"]
[Site "Iwonicz"]
[Date "2016-07-31"]
[Round "8.66"]
[White "Gorna, Anna"]
[Black "Roszkiewicz, Anna"]
[Result "0-1"]
[WhiteTitle "III"]
[BlackTitle "I"]
[WhiteElo "1078"]
[BlackElo "1445"]

1. e4 c5 2. Nf3 d6 3. d4 cxd4 4. Qxd4 Nc6 5. Bb5 Bd7 6. Bxc6 Bxc6 7. Nc3 Nf6 8.
Bg5 e5 9. Qd3 Be7 10. Bxf6 Bxf6 11. O-O-O Be7 12. g3 O-O 13. h4 Rc8 14. Nd5 Bxd5
15. Qxd5 Qc7 16. Rd2 a6 17. Ne1 b5 18. Qd3 Qc5 19. f4 Rfd8 20. Qd5 Qe3 21. Qb7
Bf6 22. Qxa6 Ra8 23. Qxb5 Rxa2 24. Kb1 Rda8 25. c3 Qxd2 26. Nc2 exf4 27. gxf4
Bxc3 28. e5 Rxb2+ 29. Qxb2 Bxb2 30. Kxb2 Rb8+ 31. Ka3 Qa5# 0-1

[Event "Druzynowe Mistrzostwa Polski Juniorow - II Liga"]
[Site "Iwonicz"]
[Date "2016-07-31"]
[Round "8.67"]
[White "Mrozowski, Patryk"]
[Black "Guzik, Natalia"]
[Result "1/2-1/2"]
[WhiteTitle "I++"]
[BlackTitle "I++"]
[WhiteElo "1901"]
[BlackElo "1608"]

1. e4 c5 2. Nf3 Nc6 3. d4 cxd4 4. Nxd4 g6 5. Nc3 Bg7 6. Be3 Nf6 7. Be2 O-O 8. O-O
d5 9. exd5 Nxd5 10. Nxd5 Qxd5 11. Nxc6 bxc6 12. c3 Bf5 13. Qa4 Qe4 14. Qa3 Rfd8
15. Bf3 Qe6 16. Rfd1 Bg4 17. Qb3 Qxb3 18. Rxd8+ Rxd8 19. axb3 Bxf3 20. gxf3 e5
21. Rxa7 f5 22. Rc7 Rd1+ 23. Kg2 Rb1 24. Rxc6 Rxb2 25. Rb6 Kf7 26. c4 Bf8 27.
Rb7+ Ke6 28. Ba7 Be7 29. c5 Rc2 30. b4 Bh4 31. Rb6+ Kd7 32. Rd6+ Ke7 33. Bb6 Bxf2
34. Kh1 e4 35. fxe4 fxe4 36. Bd8+ Ke8 37. Bg5 Kf7 38. h4 e3 39. Rd7+ Ke8 40. Rd8+
Kf7 41. Rd7+ Ke8 42. Rd8+ 1/2-1/2

[Event "Druzynowe Mistrzostwa Polski Juniorow - II Liga"]
[Site "Iwonicz"]
[Date "2016-07-31"]
[Round "8.68"]
[White "Bakalarczyk, Jakub"]
[Black "Drabek, Jan"]
[Result "1/2-1/2"]
[WhiteTitle "I"]
[BlackTitle "I"]
[WhiteElo "1591"]
[BlackElo "1727"]

1. d4 g6 2. c4 Bg7 3. Nc3 c5 4. Nf3 cxd4 5. Nxd4 Nc6 6. Nf3 Nf6 7. g3 O-O 8. Bg2
d6 9. O-O Be6 10. Nd2 Qd7 11. b3 Bh3 12. Bb2 Bxg2 13. Kxg2 Rac8 14. Rb1 Ne5 15.
h3 Qc6+ 16. Kh2 d5 17. Nb5 Qe6 18. Bxe5 Qxe5 19. Nf3 Qb8 20. Rc1 a6 21. Na3 Rfd8
22. Nd2 dxc4 23. Rxc4 Rxc4 24. Naxc4 b5 25. Nb2 Ne4 26. Nd3 Nc3 27. Qc2 Nxe2 28.
Nf3 Nc3 29. b4 Nd5 30. a3 Qa8 31. Qe2 a5 32. bxa5 Qxa5 33. Re1 Qxa3 34. Nde5 Qc5
35. Kg2 Nc3 36. Qc2 Rd5 37. Nd3 Qd6 38. Nf4 Rd1 39. Re3 b4 40. h4 e5 41. Ne2 e4
42. Ng5 Nxe2 43. Rxe2 Qd3 44. Qc8+ Bf8 45. Qb7 Qd7 46. Qxe4 Qd5 47. Rb2 Qxe4+
48. Nxe4 Rd4 49. Kf3 Bg7 50. Rb3 f5 51. Nc5 Rc4 52. Nd3 Rc3 53. Rxc3 bxc3 54.
Ke2 Kf7 55. Nb4 Ke6 56. Kd3 f4 57. Ke4 fxg3 58. fxg3 Bf8 59. Nc2 Bc5 60. h5 g5
61. g4 Bf8 62. Nd4+ Kd7 63. Kd3 Bb4 64. Nf3 h6 65. Nd4 1/2-1/2

[Event "Druzynowe Mistrzostwa Polski Juniorow - II Liga"]
[Site "Iwonicz"]
[Date "2016-07-31"]
[Round "8.69"]
[White "Jaszczuk, Mateusz"]
[Black "Jagura, Norbert"]
[Result "1/2-1/2"]
[WhiteTitle "II"]
[BlackTitle "II"]
[WhiteElo "1337"]
[BlackElo "1505"]

1. c4 e5 2. Nc3 Nc6 3. g3 d6 4. Bg2 f5 5. d3 Nf6 6. Nf3 Be7 7. O-O O-O 8. Rb1 a5
9. a3 h6 10. b4 axb4 11. axb4 g5 12. b5 Nb8 13. Ne1 Kg7 14. Nc2 f4 15. Nb4 h5
16. Ncd5 h4 17. Nxf6 Rxf6 18. Nd5 Rh6 19. Qd2 c6 20. bxc6 bxc6 21. Nb6 Ra7 22.
Nxc8 Qxc8 23. Qb2 Na6 24. Qb6 Rc7 25. Ra1 Nc5 26. Ra7 Rxa7 27. Qxa7 Kf6 28. Ba3
hxg3 29. fxg3 Qe8 30. h3 Kg7 31. g4 Rf6 32. Qc7 Ne6 33. Qxc6 Qxc6 34. Bxc6 Nd4
35. Bf3 Rf8 36. Rb1 Nxf3+ 37. exf3 Ra8 38. Rb3 Kf6 39. Kf2 Ke6 1/2-1/2

[Event "Druzynowe Mistrzostwa Polski Juniorow - II Liga"]
[Site "Iwonicz"]
[Date "2016-07-31"]
[Round "8.70"]
[White "Wojtasik, Szymon"]
[Black "Gazda, Dominik"]
[Result "0-1"]
[WhiteTitle "II"]
[BlackTitle "II"]
[WhiteElo "1240"]
[BlackElo "1223"]

1. e4 c5 2. c3 Nc6 3. d4 cxd4 4. cxd4 d6 5. d5 Ne5 6. Nc3 Nf6 7. Be2 Qb6 8. h3
g6 9. a3 Bg7 10. Be3 Qd8 11. f4 Ned7 12. Qc2 Nb6 13. Nf3 Bd7 14. O-O Rc8 15. Qb3
e6 16. Rac1 O-O 17. Bd2 exd5 18. exd5 Re8 19. Bd3 Rc5 20. Nd1 Nfxd5 21. Rxc5 dxc5
22. Nc3 Be6 23. Qc2 c4 24. Nxd5 Bxd5 25. Bxg6 fxg6 26. Bc3 Be4 27. Qc1 Bxc3 28.
Qxc3 Bd3 29. Rd1 Nd5 30. Qd2 Re2 31. Qc1 Qb6+ 32. Kh1 Qxb2 33. Qxb2 Rxb2 34. Ne5
Nxf4 35. Nxd3 cxd3 36. Rc1 d2 37. Rc8+ Kf7 38. Rc7+ Ke6 39. Rd7 Kxd7 40. g4 d1=Q#
0-1

[Event "Druzynowe Mistrzostwa Polski Juniorow - II Liga"]
[Site "Iwonicz"]
[Date "2016-07-31"]
[Round "8.71"]
[White "Winter, Anna"]
[Black "Bakalarczyk, Zuzanna"]
[Result "1/2-1/2"]
[WhiteTitle "I"]
[BlackTitle "I"]
[WhiteElo "1374"]
[BlackElo "1312"]

1. e4 e5 2. Nf3 d6 3. d4 exd4 4. Nxd4 Nf6 5. Nc3 Be7 6. Bc4 O-O 7. O-O Nxe4 8.
Nxe4 d5 9. Bxd5 Qxd5 10. Ng3 Be6 11. Nxe6 Qxe6 12. Qe2 Qxe2 13. Nxe2 Bf6 14. c3
Re8 15. Ng3 Nd7 16. Be3 Ne5 17. Bd4 Ng4 18. Bxf6 Nxf6 19. Rfe1 Kf8 20. Kf1 Rxe1+
21. Rxe1 Rd8 22. Nf5 g6 23. Ne3 Rd2 24. Re2 Rd7 25. f3 Nd5 26. Nxd5 Rxd5 27. Ke1
f5 28. Rd2 Re5+ 29. Re2 Rd5 30. Rd2 Re5+ 31. Re2 Rd5 32. Rd2 Re5+ 1/2-1/2

[Event "Druzynowe Mistrzostwa Polski Juniorow - II Liga"]
[Site "Iwonicz"]
[Date "2016-07-31"]
[Round "8.72"]
[White "Matyjasek, Michalina"]
[Black "Uliasz, Katarzyna"]
[Result "1-0"]
[WhiteTitle "II"]
[BlackTitle "II+"]
[WhiteElo "1199"]
[BlackElo "1097"]

1. d4 Nf6 2. Nf3 d6 3. c4 g6 4. Nc3 Bg7 5. e4 O-O 6. Be2 c5 7. d5 Bg4 8. h3 Bxf3
9. Bxf3 Nbd7 10. O-O Nb6 11. Be2 Qc7 12. Bf4 Rac8 13. Rc1 Rfe8 14. Re1 Qb8 15.
a3 Na8 16. b4 cxb4 17. axb4 Nc7 18. c5 dxc5 19. bxc5 Nh5 20. Bxh5 gxh5 21. Qxh5
Qa8 22. d6 exd6 23. cxd6 Ne6 24. Be5 Bxe5 25. Qxe5 Nc5 26. Qg5+ Kh8 27. Qf6+ Kg8
28. Nd5 Nd3 29. Rxc8 Qxc8 30. Rd1 Nxf2 31. Qxf2 Rxe4 32. Nf6+ 1-0

[Event "Druzynowe Mistrzostwa Polski Juniorow - II Liga"]
[Site "Iwonicz"]
[Date "2016-07-31"]
[Round "8.73"]
[White "Tokarz, Krzysztof"]
[Black "Miasik, Adrian"]
[Result "1/2-1/2"]
[WhiteTitle "II+"]
[BlackTitle "I"]
[WhiteElo "1637"]
[BlackElo "1950"]

1. d4 d5 2. c4 e6 3. Nf3 c5 4. Nc3 Nc6 5. g3 Nf6 6. cxd5 exd5 7. Bg2 c4 8. O-O
Be7 9. Bg5 Be6 10. a3 O-O 11. e3 Na5 12. Nd2 Qd7 13. Qc2 Nc6 14. Ne2 Bf5 15. Qc3
b5 16. Nf4 Ne4 17. Nxe4 dxe4 18. Bxe7 Qxe7 19. b3 g5 20. Nd5 Qd6 21. bxc4 Rac8
22. cxb5 Qxd5 23. bxc6 Rxc6 24. Qb2 Rfc8 25. Rfc1 Bg4 26. Rxc6 Qxc6 27. h3 Bf3
28. Bxf3 exf3 29. Qb4 Qe6 30. Qb7 Rc6 31. g4 Qf6 32. Qb8+ Kg7 33. Qg3 Rc3 34.
Kh2 h6 35. Qe5 Qxe5+ 36. dxe5 Rc5 37. Kg3 Rxe5 38. Kxf3 Ra5 39. a4 Kg6 40. Kg3
f6 41. h4 h5 42. gxh5+ Kxh5 43. hxg5 fxg5 44. Kf3 Kg6 45. Kg4 Kf6 46. f3 Kg6 47.
e4 Kf6 48. Kh5 Rc5 49. a5 Rc2 50. a6 Rh2+ 51. Kg4 Rg2+ 52. Kh3 Rb2 53. Ra5 Rb1
54. Kg3 Rg1+ 55. Kf2 Rb1 56. Rf5+ Kg6 57. Rc5 Rb6 58. Ra5 Rb1 59. Kg2 Kf6 60.
Kh2 Kg6 61. Kh3 Rh1+ 62. Kg3 Rg1+ 63. Kf2 Rb1 64. Ke3 Rb3+ 65. Kf2 Rb1 66. Ra3
Kf6 67. Ke3 Ke5 68. Ra5+ Kf6 69. Rf5+ Kg6 70. Kd4 Ra1 71. f4 Ra4+ 72. Ke3 gxf4+
73. Kxf4 Rxa6 74. Rb5 1/2-1/2

[Event "Druzynowe Mistrzostwa Polski Juniorow - II Liga"]
[Site "Iwonicz"]
[Date "2016-07-31"]
[Round "8.74"]
[White "Ciasnocha, Michal"]
[Black "Szczuraszyk, Jaroslaw"]
[Result "1/2-1/2"]
[WhiteTitle "II"]
[BlackTitle "II"]
[WhiteElo "1460"]
[BlackElo "1643"]

1. d4 d5 2. c4 e6 3. Nc3 Nf6 4. cxd5 exd5 5. Bg5 Be7 6. Qc2 O-O 7. e3 Nbd7 8. Bd3
c5 9. Nge2 b6 10. O-O Bb7 11. Rfd1 c4 12. Bf5 g6 13. Bh3 Kg7 14. f3 Bc6 15. e4
b5 16. Qd2 Ng8 17. Be3 Nb6 18. Nf4 Re8 19. exd5 Bd7 20. Bxd7 Qxd7 21. Rac1 Bd6
22. Ne4 Ne7 23. Nh5+ gxh5 24. Bh6+ Kh8 25. Qg5 Nf5 26. Qf6+ Kg8 27. Qg5+ Kh8 28.
Qf6+ Kg8 29. Qg5+ Kh8 30. Qf6+ Kg8 1/2-1/2

[Event "Druzynowe Mistrzostwa Polski Juniorow - II Liga"]
[Site "Iwonicz"]
[Date "2016-07-31"]
[Round "8.75"]
[White "Mazurek, Bartosz"]
[Black "Babiarz, Arkadiusz"]
[Result "1/2-1/2"]
[WhiteTitle "II"]
[BlackTitle "I"]
[WhiteElo "1462"]
[BlackElo "1692"]

1. d4 d5 2. c4 dxc4 3. Nf3 a6 4. e3 e6 5. a4 Nf6 6. Bxc4 c5 7. O-O Nc6 8. Nc3 Be7
9. Qe2 O-O 10. Rd1 Qc7 11. e4 cxd4 12. Nxd4 Ne5 13. Ba2 Ng6 14. Bb1 Kh8 15. Nf3
Nd7 16. Be3 Qa5 17. Bd2 Qh5 18. Be3 Rd8 19. Ba2 Nf6 20. Rxd8+ Bxd8 21. Rd1 Bc7
22. h3 Bd7 23. Qc2 Bc6 24. Bc4 Rc8 25. Ng5 Nf4 26. Bxf4 Bxf4 27. Nxe6 fxe6 28.
Bxe6 Bxe4 29. Qb3 Rb8 30. Nxe4 Nxe4 31. Qd3 Nc5 32. Qd8+ Qe8 33. Qxe8+ Rxe8 34.
Bd5 Rd8 35. g3 Be5 36. f4 Bxb2 37. Re1 g6 38. Bg2 Rd7 39. Rb1 Bd4+ 40. Kh2 Kg7
41. Rb4 Bf6 42. h4 Kf7 43. Rc4 Bd4 44. Bh3 Rd6 45. Bg2 Ke7 46. Rb4 b6 47. Rc4
Kd7 48. Bh3+ Kc7 49. Bg4 b5 50. axb5 axb5 51. Rb4 Kc6 52. Be2 Bc3 53. Bxb5+ Kb6
54. Rb1 Rd2+ 55. Kh3 Rb2 56. Rxb2 Bxb2 57. Bc4 Nd7 58. Bg8 Nf6 59. Bf7 Kc5 60.
g4 Kd4 61. g5 Nd7 62. Bg8 Nf8 63. Kg4 Ke4 64. Bb3 Bc1 65. Bc2+ Kd5 66. f5 gxf5+
67. Bxf5 Ke5 68. Bc2 Ke6 69. Kh5 Kf7 70. Kh6 Kg8 71. Bb3+ Kh8 72. Bc2 Bb2 73.
Bf5 Bg7+ 74. Kh5 Kg8 75. Bc2 Kf7 76. Bf5 Ng6 77. Bc2 Nf8 78. Bxh7 Nxh7 79. g6+
1/2-1/2

[Event "Druzynowe Mistrzostwa Polski Juniorow - II Liga"]
[Site "Iwonicz"]
[Date "2016-07-31"]
[Round "8.77"]
[White "Paluch, Kornelia"]
[Black "Luka, Agnieszka"]
[Result "0-1"]
[WhiteTitle "I"]
[BlackTitle "II"]
[WhiteElo "1188"]
[BlackElo "1307"]

1. d4 Nf6 2. c4 g6 3. Nc3 Bg7 4. e4 d6 5. Be2 Nbd7 6. Bg5 O-O 7. Qd2 e5 8. d5 a5
9. f3 Nc5 10. g4 Bd7 11. Nh3 Na4 12. Nf2 Nxc3 13. bxc3 Rb8 14. h4 b5 15. cxb5
Bxb5 16. c4 Ba4 17. Qxa5 Ra8 18. Qd2 c6 19. h5 cxd5 20. exd5 Qc7 21. Kf1 Rfc8
22. hxg6 fxg6 23. Kg2 Rf8 24. Bh6 Rae8 25. Bxg7 Qxg7 26. Qb4 Qd7 27. Bd3 e4 28.
Bxe4 Nxe4 29. Nxe4 Rxe4 30. Rhf1 Ref4 31. Qa3 Rxc4 32. Rf2 Rd4 33. Qc3 Rxd5 34.
Qc4 Qb5 35. Qe4 Re5 36. Qb1 Qxb1 37. Rxb1 Re3 38. Rb4 Bc6 39. Rd4 Bxf3+ 40. Kg1
d5 41. a4 Re1+ 42. Kh2 Be4 43. Ra2 Rh1+ 44. Kg3 Rf3+ 45. Kg2 Rfh3+ 46. Kf2 R1h2+
47. Kg1 Rxa2 48. Rxe4 dxe4 49. g5 Rb3 50. Kf1 Rb1# 0-1

[Event "Druzynowe Mistrzostwa Polski Juniorow - II Liga"]
[Site "Iwonicz"]
[Date "2016-07-31"]
[Round "8.78"]
[White "Polak, Sylwia"]
[Black "Scisla, Oliwia"]
[Result "1-0"]
[WhiteTitle "II"]
[BlackTitle "I"]
[WhiteElo "1128"]
[BlackElo "1148"]

1. d4 Nf6 2. c4 d6 3. Nc3 Nbd7 4. e4 e5 5. d5 Be7 6. Bd3 O-O 7. Nge2 c6 8. O-O
a5 9. Rb1 Qc7 10. Kh1 Re8 11. f3 Nf8 12. Be3 Ng6 13. Qe1 Bd7 14. b3 h6 15. Rc1
Qd8 16. Qf2 Nh7 17. f4 Bg4 18. f5 Nh8 19. Qg3 h5 20. h3 Bh4 21. Qh2 Bxe2 22. Bxe2
g6 23. fxg6 fxg6 24. Bf2 Bxf2 25. Rxf2 Qg5 26. Rff1 Rf8 27. Bf3 Rac8 28. Rcd1
Rf7 29. Qg1 Qh4 30. Qe3 Ng5 31. Be2 Rcf8 32. Kg1 Rf4 33. Bd3 Rxf1+ 34. Rxf1 Rxf1+
35. Bxf1 Qf4 36. Qxf4 exf4 37. Kf2 Ngf7 38. h4 Ne5 39. Be2 Nhf7 40. g3 fxg3+ 41.
Kxg3 Kg7 42. Nd1 Kh6 43. Kf4 cxd5 44. exd5 b6 45. Nc3 Nd7 46. Ne4 Nfe5 47. Nxd6
Kg7 48. Ne4 Kf7 49. Nd6+ Ke7 50. Nc8+ Kd8 51. Nxb6 Nxb6 52. Kxe5 a4 53. b4 Kd7
54. a3 Nc8 55. Bd3 Nb6 56. c5 Na8 57. Bxg6 Nc7 58. Bd3 Ne8 59. Bb5+ Ke7 60. Bxe8
Kxe8 61. d6 Kd8 62. Kf6 Ke8 63. Kg6 Kd7 64. Kxh5 Ke8 65. Kg6 Kd7 66. h5 Kd8 67.
h6 Ke8 68. h7 Kd7 69. h8=Q Kc6 70. Kf5 Kb5 71. d7 Kc4 72. d8=Q Kb3 73. Qd3+ Ka2
74. Qh2+ Ka1 75. Qd1# 1-0

[Event "Druzynowe Mistrzostwa Polski Juniorow - II Liga"]
[Site "Iwonicz"]
[Date "2016-07-31"]
[Round "8.79"]
[White "Hasterok, Mateusz"]
[Black "Marczak, Szymon"]
[Result "0-1"]
[WhiteTitle "II+"]
[BlackTitle "I"]
[WhiteElo "1695"]
[BlackElo "1709"]

1. d4 d5 2. c4 dxc4 3. e4 e5 4. Nf3 exd4 5. Bxc4 Nc6 6. O-O Be7 7. Qb3 Be6 8. Bxe6
fxe6 9. Qxe6 Qd6 10. Ng5 Nd8 11. Qb3 Qb4 12. Qg3 Qd6 13. Bf4 Qg6 14. Nd2 h6 15.
Ngf3 Qxg3 16. Bxg3 Ne6 17. Rac1 c5 18. Ne5 Nf6 19. Ng6 Rg8 20. Nxe7 Kxe7 21. f3
b6 22. a3 Nh5 23. Bh4+ g5 24. Bg3 Nef4 25. Rb1 Rac8 26. Bxf4 Nxf4 27. g3 Nd3 28.
Rfd1 b5 29. Nb3 Ne5 30. Kg2 Nc4 31. Re1 a5 32. Re2 Rgd8 33. f4 gxf4 34. Nd2 fxg3
35. Nxc4 bxc4 36. hxg3 d3 37. Rd2 Ke6 38. Rh1 Ke5 39. Kf3 Kd4 40. Rxh6 Rf8+ 41.
Kg4 Kxe4 0-1